| 000 | 01265nam a22002177a 4500 | ||
|---|---|---|---|
| 003 | SEM | ||
| 999 |
_c44058 _d44058 |
||
| 005 | 20220608071007.0 | ||
| 008 | 170616b xxu||||| |||| 00| 0 arm d | ||
| 040 |
_aSEM _cSEM |
||
| 041 | 0 | _aarm. | |
| 080 | _a34(47.925)/Կ-18 | ||
| 245 | 1 | 4 |
_aԿամենեց-Պոդոլսկ քաղաքի հայկական դատարանի արձանագրությունները XVI դ.: / _cԱշխատասիր.` Վ. Գրիգորյան; ՀՍՍՌ Մինիստրների սովետին առընթեր Մաշտոցի անվան Հին ձեռագրերի ինստիտուտ Մատենադարան |
| 246 | 3 | 1 | _aАкты армянского суда города Каменец-Подольского XVI в. / |
| 260 |
_aԵրևան: _bՀՍՍՌ ԳԱ հրատ., _c1963. |
||
| 300 |
_a440 էջ; _c23 սմ |
||
| 504 | _aՕգտ. մատեն. ցանկ` 411-416; Անձն. ցանկ` էջ 417-439; | ||
| 650 |
_aԴատական արձանագրություններ _bհայկական դատարան _zՈւկրաինա |
||
| 700 | 1 |
_aԳրիգորյան Վ. _4comp. _eաշխատասիր. |
|
| 710 | 2 |
_aՀՍՍՌ _b Մինիստրների սովետին առընթեր Մաշտոցի անվան Հին ձեռագրերի ինստիտուտ Մատենադարան |
|
| 942 |
_2udc _cBK |
||